000 00554nam a22001337a 4500
020 _a 9780470847558
082 _a280 SCB
100 _aVoldman, Steven H
_969339
245 _aESD : RF technology and circuits
260 _aEngland ; Hoboken, NJ : J. Wiley
_bChichester, West Sussex
_c2006
300 _a398 p
_bxxii, ill.26 cm
650 _a Radio frequency integrated circuits -- Design and construction | Radio frequency integrated circuits -- Protection | Electrostatics | Electric discharges -- Prevention | Static eliminators
_969340
942 _cBK
999 _c576670
_d576670